000
00355pab a2200157 454500
008
180718b2008 xxu||||| |||| 00| 0 eng d
100
_a
Atal Yogesh
245
_a
A note on the concept of tribe
260
_c
2008
300
_a
p.441-50.
362
_a
Oct-Dec
650
_a
Tribes
773
_a
Eastern Anthropologist
908
_a
N
909
_a
82226
999
_c
82226
_d
82226